[Event "Split op 12th"]
[Site "Split"]
[Date "2023.08.06"]
[Round "2"]
[White "Miskovic, Bozo"]
[Black "Cupic, Lovro"]
[Result "0-1"]
[WhiteElo "1961"]
[BlackElo "2242"]
[PlyCount "70"]
[EventDate "2023.08.05"]
[EventType "swiss"]
[EventRounds "9"]
[EventCountry "CRO"]
[SourceTitle "CBM 215 Extra"]
[Source "ChessBase"]
[SourceDate "2023.09.30"]
[SourceVersion "1"]
[SourceVersionDate "2023.09.30"]
[SourceQuality "1"]

1. e4 c6 2. d4 d5 3. exd5 cxd5 4. Bd3 Nc6 5. c3 Qc7 6. f4 g6 7. Nf3 Bg4 8. 0-0 e6 9. Qa4 Bxf3 10. Rxf3 Bg7 11. Nd2 Nge7 12. Nf1 0-0 13. Bd2 a6 14. Re1 b5 15. Qd1 b4 16. g4 Qd6 17. Qe2 Nc8 18. Qg2 Nb6 19. Bb1 Na4 20. Bc1 Rab8 21. Qc2 Nb6 22. Qd3 bxc3 23. bxc3 Na4 24. Kh1 Rfc8 25. Bc2 Nxc3 26. Be3 Nb5 27. Bb3 Ncxd4 28. Rf2 Rc3 29. Qd1 Nxb3 30. axb3 d4 31. Bd2 Qd5+ 32. Kg1 Rxb3 33. f5 Nc3 34. Qa1 Ne4 35. Rfe2 d3 0-1

[Event "Zadar op-B 25th"]
[Site "Zadar"]
[Date "2018.12.19"]
[Round "6"]
[White "Nikolov, Yavor"]
[Black "Miskovic, Bozo"]
[Result "1-0"]
[WhiteElo "1858"]
[BlackElo "2019"]
[PlyCount "119"]
[EventDate "2018.12.15"]
[EventType "swiss"]
[EventRounds "9"]
[EventCountry "CRO"]
[SourceTitle "CBM 188 Extra"]
[Source "ChessBase"]
[SourceDate "2019.02.26"]
[SourceVersion "1"]
[SourceVersionDate "2019.02.26"]
[SourceQuality "1"]

1. e4 c6 2. Nc3 d5 3. Qf3 dxe4 4. Nxe4 Nd7 5. d4 Ngf6 6. Bc4 e6 7. Ne2 Nxe4 8. Qxe4 Nf6 9. Qf3 Qc7 10. c3 b6 11. 0-0 Bb7 12. Bf4 Bd6 13. Rfe1 Bxf4 14. Nxf4 0-0 15. Qg3 c5 16. dxc5 Qxc5 17. Bd3 Rad8 18. b4 Qc7 19. Rad1 Rd7 20. Bc2 Rfd8 21. Bd3 Ne4 22. Qe3 Nf6 23. f3 Ba6 24. Be2 Rxd1 25. Rxd1 Rxd1+ 26. Bxd1 Qc4 27. Be2 Qxa2 28. Qd4 Ne8 29. Qd7 Kf8 30. b5 g5 31. bxa6 gxf4 32. Kf2 Qd5 33. Qxa7 Qc5+ 34. Kf1 Nc7 35. Qb8+ Kg7 36. a7 Qe3 37. Qd8 Qc1+ 38. Bd1 Qa1 39. Qg5+ Kf8 40. Qd8+ Kg7 41. Qd4+ Kg6 42. Qa4 Qxc3 43. Qc2+ Qxc2 44. Bxc2+ f5 45. Ba4 Kf6 46. Bc6 Ke5 47. a8Q Nxa8 48. Bxa8 b5 49. Bc6 b4 50. Ba4 Kd4 51. Bb3 e5 52. Ke2 e4 53. Kd2 h6 54. Ke2 e3 55. Bc2 Kc3 56. Bxf5 b3 57. g3 fxg3 58. hxg3 Kd4 59. g4 b2 60. Bg6 1-0

[Event "Zadar op-B 25th"]
[Site "Zadar"]
[Date "2018.12.18"]
[Round "5"]
[White "Miskovic, Bozo"]
[Black "Doric, Nenad"]
[Result "1/2-1/2"]
[WhiteElo "2019"]
[BlackElo "2261"]
[PlyCount "43"]
[EventDate "2018.12.15"]
[EventType "swiss"]
[EventRounds "9"]
[EventCountry "CRO"]
[SourceTitle "CBM 188 Extra"]
[Source "ChessBase"]
[SourceDate "2019.02.26"]
[SourceVersion "1"]
[SourceVersionDate "2019.02.26"]
[SourceQuality "1"]

1. e4 c5 2. Nf3 d6 3. d4 cxd4 4. Nxd4 Nf6 5. Nc3 Nc6 6. Be2 e5 7. Nb3 Be7 8. 0-0 0-0 9. f4 a5 10. a4 Nb4 11. Be3 Be6 12. f5 Bd7 13. Bf3 Bc6 14. Nd2 d5 15. exd5 Nbxd5 16. Nxd5 Bxd5 17. Bxd5 Qxd5 18. b3 Bc5 19. Qe2 Bxe3+ 20. Qxe3 Ng4 21. Qe2 Nf6 22. Nc4 1/2-1/2

[Event "Zadar op-B 25th"]
[Site "Zadar"]
[Date "2018.12.16"]
[Round "3"]
[White "Miskovic, Bozo"]
[Black "Tomas, Ante"]
[Result "0-1"]
[WhiteElo "2019"]
[BlackElo "2110"]
[PlyCount "91"]
[EventDate "2018.12.15"]
[EventType "swiss"]
[EventRounds "9"]
[EventCountry "CRO"]
[SourceTitle "CBM 188 Extra"]
[Source "ChessBase"]
[SourceDate "2019.02.26"]
[SourceVersion "1"]
[SourceVersionDate "2019.02.26"]
[SourceQuality "1"]

1. e4 e5 2. Nf3 Nc6 3. Bc4 Nf6 4. d3 Bc5 5. Nc3 h6 6. a3 d6 7. h3 a6 8. Be3 0-0 9. 0-0 Ba7 10. Qd2 Nd4 11. Bxd4 exd4 12. Ne2 c5 13. Nf4 b5 14. Ba2 Bb7 15. Nd5 Nxd5 16. exd5 Qf6 17. c4 bxc4 18. dxc4 Bc8 19. Ne1 Rb8 20. b3 Bf5 21. Rd1 Rfe8 22. Nd3 Qg5 23. Qxg5 hxg5 24. Nc1 Bb6 25. b4 Ba7 26. Nd3 Bxd3 27. Rxd3 cxb4 28. axb4 Rxb4 29. Ra3 Bc5 30. Rxa6 Re2 31. Ra8+ Kh7 32. Bb1+ g6 33. Ra5 Rd2 34. Rb5 Rxc4 35. Rb7 Kg7 36. Re1 d3 37. Rf1 Rf4 38. Kh2 Bxf2 39. Rb3 Bg3+ 40. Kxg3 Rxf1 41. Bxd3 Rf4 42. Bb1 Rxd5 43. Rb7 Rdd4 44. Bc2 d5 45. Ra7 Rd2 46. Bb3 0-1

[Event "CRO Cup"]
[Site "Mali Losinj"]
[Date "2017.05.11"]
[Round "3.11"]
[White "Miskovic, Bozo"]
[Black "Zelic, Branko"]
[Result "1/2-1/2"]
[WhiteElo "2029"]
[BlackElo "2239"]
[PlyCount "91"]
[EventDate "2017.05.10"]
[EventType "team-swiss"]
[EventRounds "6"]
[EventCountry "CRO"]
[SourceTitle "CBM 178 Extra"]
[Source "ChessBase"]
[SourceDate "2017.06.22"]
[SourceVersion "1"]
[SourceVersionDate "2017.06.22"]
[SourceQuality "1"]
[WhiteTeam "Omis"]
[BlackTeam "Zabok Polet"]
[WhiteTeamCountry "CRO"]
[BlackTeamCountry "CRO"]

1. Nf3 Nf6 2. d4 b6 3. g3 Bb7 4. Bg2 e6 5. 0-0 c5 6. c3 Be7 7. Re1 0-0 8. Nbd2 d5 9. Ne5 cxd4 10. cxd4 Nc6 11. Nxc6 Bxc6 12. Nf3 Ne4 13. Ne5 Bb7 14. f3 Nd6 15. b3 Nb5 16. Bb2 Bb4 17. Rf1 Rc8 18. Qd3 a6 19. Rfc1 Qd6 20. a4 Na7 21. Qd1 a5 22. Nd3 Nc6 23. Nxb4 Nxb4 24. Ba3 h5 25. Qd2 Ba6 26. Bf1 Rfe8 27. Qg5 g6 28. g4 hxg4 29. Qxg4 Kg7 30. Rxc8 Bxc8 31. Rc1 Bd7 32. Qg3 Qxg3+ 33. hxg3 Rc8 34. Rxc8 Bxc8 35. Kf2 f6 36. e3 Kf7 37. Bxb4 axb4 38. Bd3 g5 39. f4 e5 40. Bc2 Bg4 41. Kg2 Ke6 42. Kf2 Bf5 43. Bd1 g4 44. Ke2 Be4 45. Kd2 exf4 46. exf4 1/2-1/2

[Event "CRO-chT2S"]
[Site "Makarska"]
[Date "2013.04.07"]
[Round "3.5"]
[White "Miskovic, Bozo"]
[Black "Barbaric Vuk, Tadija"]
[Result "1-0"]
[WhiteElo "2024"]
[BlackElo "2161"]
[PlyCount "117"]
[EventDate "2013.04.05"]
[EventType "team-tourn"]
[EventRounds "9"]
[EventCountry "CRO"]
[SourceTitle "EXT 2014"]
[Source "ChessBase"]
[SourceDate "2013.11.20"]
[SourceVersion "1"]
[SourceVersionDate "2013.11.20"]
[SourceQuality "1"]
[WhiteTeam "Arzano"]
[BlackTeam "Split Mornar"]
[WhiteTeamCountry "CRO"]
[BlackTeamCountry "CRO"]

1. e4 d5 2. exd5 Qxd5 3. Nc3 Qa5 4. Bc4 Nf6 5. Nge2 Bg4 6. d3 c6 7. 0-0 e6 8. Bd2 Nbd7 9. a3 Qc7 10. f3 Bf5 11. b4 Bd6 12. g3 0-0 13. Kg2 Rae8 14. Ne4 Be7 15. Ba2 Bg6 16. Qe1 Nd5 17. c4 N5b6 18. Nf4 Bxe4 19. fxe4 Bf6 20. Bc3 Bxc3 21. Qxc3 e5 22. Nh3 c5 23. Rf3 f6 24. Nf2 Nc8 25. Bb3 Rd8 26. Ng4 Ne7 27. b5 Rfe8 28. Ne3 Nf8 29. Nd5 Qd6 30. Ba4 b6 31. Bd1 Ne6 32. Rf2 Nd4 33. a4 Nxd5 34. cxd5 f5 35. Qc4 g6 36. a5 Rf8 37. axb6 axb6 38. Ra7 f4 39. Bg4 fxg3 40. Rxf8+ Rxf8 41. hxg3 Qf6 42. Qc1 Qf2+ 43. Kh3 h5 44. Bxh5 Qf1+ 45. Qxf1 Rxf1 46. Bxg6 Nxb5 47. Re7 Rf3 48. Rxe5 Rxd3 49. Re6 Nd4 50. Rxb6 Ne2 51. Kg4 c4 52. Rc6 Rxg3+ 53. Kh4 c3 54. Bf5 Rd3 55. Kg5 Nd4 56. Rc7 c2 57. Kf6 Nxf5 58. Kxf5 Rd2 59. Ke6 1-0

[Event "CRO-chT2S"]
[Site "Makarska"]
[Date "2013.04.05"]
[Round "1.5"]
[White "Miskovic, Bozo"]
[Black "Dzaja, Martin Zorislav"]
[Result "0-1"]
[WhiteElo "2024"]
[BlackElo "1926"]
[PlyCount "48"]
[EventDate "2013.04.05"]
[EventType "team-tourn"]
[EventRounds "9"]
[EventCountry "CRO"]
[SourceTitle "EXT 2014"]
[Source "ChessBase"]
[SourceDate "2013.11.20"]
[SourceVersion "1"]
[SourceVersionDate "2013.11.20"]
[SourceQuality "1"]
[WhiteTeam "Arzano"]
[BlackTeam "Mravince II"]
[WhiteTeamCountry "CRO"]
[BlackTeamCountry "CRO"]

1. d4 Nf6 2. c4 g6 3. Nc3 Bg7 4. e4 d6 5. h3 0-0 6. Nf3 c5 7. d5 e6 8. Bd3 exd5 9. exd5 Re8+ 10. Be3 Bh6 11. Qc1 Bxe3 12. fxe3 Qe7 13. Kf2 Nbd7 14. Re1 Ne5 15. Nxe5 Qxe5 16. Qd1 Bxh3 17. Qf3 Ng4+ 18. Ke2 Bxg2 19. Qxg2 Qxe3+ 20. Kf1 Qxd3+ 21. Kg1 Qd4+ 22. Kh1 Nf2+ 23. Kh2 Qh4+ 24. Kg1 Nh3+ 0-1

[Event "Split Zupanije-ch"]
[Site "Split"]
[Date "2013.03.24"]
[Round "8"]
[White "Miskovic, Bozo"]
[Black "Armanda, Ivica"]
[Result "0-1"]
[WhiteElo "2024"]
[BlackElo "2380"]
[PlyCount "91"]
[EventDate "2013.03.16"]
[EventType "swiss"]
[EventRounds "9"]
[EventCountry "CRO"]
[SourceTitle "CBM 153 Extra"]
[Source "ChessBase"]
[SourceDate "2013.04.22"]
[SourceVersion "1"]
[SourceVersionDate "2013.04.22"]
[SourceQuality "1"]

1. e4 c5 2. Nf3 d6 3. c4 Nf6 4. Nc3 g6 5. Be2 Bg7 6. 0-0 0-0 7. d4 cxd4 8. Nxd4 Nc6 9. Be3 Nd7 10. Rb1 a5 11. Qd2 Nc5 12. Rfd1 Bd7 13. f3 a4 14. Ndb5 Be6 15. Qc1 Qa5 16. Bd2 Rfc8 17. Nd5 Qd8 18. Bh6 Bh8 19. Bg5 Bxd5 20. Rxd5 Qb6 21. Be3 Nb4 22. Rd1 Qc6 23. Nd4 Qe8 24. a3 Nc6 25. Nxc6 Qxc6 26. Qd2 Rc7 27. Qb4 Rac8 28. Bd4 Bxd4+ 29. Rxd4 Ne6 30. Rdd1 Qc5+ 31. Qxc5 dxc5 32. Rd2 Nd4 33. Bd1 Ra8 34. Kf2 e5 35. Ke3 Kg7 36. Rd3 h5 37. Rc3 h4 38. h3 Rc6 39. Rd3 Rb6 40. Rd2 f5 41. Rd3 Kf6 42. Kf2 Kg5 43. Ke3 Rf6 44. Rc3 fxe4 45. Kxe4 Rf4+ 46. Kd5 0-1

[Event "Split Zupanije-ch"]
[Site "Split"]
[Date "2013.03.20"]
[Round "5"]
[White "Miskovic, Bozo"]
[Black "Saric, Kristina"]
[Result "0-1"]
[WhiteElo "2024"]
[BlackElo "2221"]
[PlyCount "64"]
[EventDate "2013.03.16"]
[EventType "swiss"]
[EventRounds "9"]
[EventCountry "CRO"]
[SourceTitle "CBM 153 Extra"]
[Source "ChessBase"]
[SourceDate "2013.04.22"]
[SourceVersion "1"]
[SourceVersionDate "2013.04.22"]
[SourceQuality "1"]

1. e4 c5 2. Nc3 Nc6 3. f4 g6 4. Nf3 Bg7 5. a3 d6 6. h3 e6 7. Bb5 Nge7 8. 0-0 0-0 9. Re1 a6 10. Bf1 b5 11. d3 Qc7 12. Rb1 Bd7 13. Ne2 Nd4 14. Ng3 Rab8 15. c3 Nxf3+ 16. Qxf3 b4 17. axb4 cxb4 18. c4 a5 19. Be3 f5 20. exf5 Nxf5 21. Nxf5 Rxf5 22. g4 Rff8 23. Bg2 a4 24. Qd1 a3 25. Qb3 Bxb2 26. Rxb2 axb2 27. Qxb2 Bc6 28. Bf1 Qf7 29. d4 g5 30. fxg5 Qf3 31. d5 Qg3+ 32. Bg2 Qxe1+ 0-1

[Event "Split Zupanije-ch"]
[Site "Split"]
[Date "2013.03.19"]
[Round "4"]
[White "Jozic, Vjekoslav"]
[Black "Miskovic, Bozo"]
[Result "0-1"]
[WhiteElo "1775"]
[BlackElo "2024"]
[PlyCount "64"]
[EventDate "2013.03.16"]
[EventType "swiss"]
[EventRounds "9"]
[EventCountry "CRO"]
[SourceTitle "CBM 153 Extra"]
[Source "ChessBase"]
[SourceDate "2013.04.22"]
[SourceVersion "1"]
[SourceVersionDate "2013.04.22"]
[SourceQuality "1"]

1. e4 c6 2. Bc4 d5 3. exd5 cxd5 4. Bb3 Nf6 5. Nf3 Bg4 6. d3 Nc6 7. h3 Bh5 8. Nc3 e6 9. g4 Bg6 10. Nh4 Bb4 11. Nxg6 hxg6 12. Bd2 a6 13. a3 Ba5 14. g5 Nd7 15. Ne2 Nde5 16. Ng1 Nd4 17. f4 Bxd2+ 18. Kxd2 Nxb3+ 19. cxb3 Nd7 20. Nf3 Qc7 21. Ke3 e5 22. fxe5 Nxe5 23. Rc1 Qb6+ 24. d4 Nxf3 25. Qxf3 0-0 26. Qxd5 Rad8 27. Qc4 Rfe8+ 28. Kd3 Qd6 29. Rhg1 Qf4 30. Rce1 Qf3+ 31. Kd2 Qf2+ 32. Kd1 Rxd4+ 0-1

[Event "Split Zupanije-ch"]
[Site "Split"]
[Date "2013.03.18"]
[Round "3"]
[White "Miskovic, Bozo"]
[Black "Knezevic, Igor"]
[Result "0-1"]
[WhiteElo "2024"]
[BlackElo "2185"]
[PlyCount "82"]
[EventDate "2013.03.16"]
[EventType "swiss"]
[EventRounds "9"]
[EventCountry "CRO"]
[SourceTitle "CBM 153 Extra"]
[Source "ChessBase"]
[SourceDate "2013.04.22"]
[SourceVersion "1"]
[SourceVersionDate "2013.04.22"]
[SourceQuality "1"]

1. d4 d5 2. c4 e6 3. Nc3 c5 4. cxd5 exd5 5. Nf3 Nc6 6. g3 Nf6 7. Bg2 Be7 8. 0-0 0-0 9. Ne5 Nxd4 10. e3 Nc6 11. Nxc6 bxc6 12. Qc2 Re8 13. b3 Ba6 14. Rd1 Qa5 15. Bd2 Qc7 16. Bf1 Bxf1 17. Kxf1 Qd7 18. Kg2 Qe6 19. Bc1 Rad8 20. Ba3 d4 21. exd4 cxd4 22. Bxe7 Qxe7 23. Na4 Qd6 24. Nc5 Qd5+ 25. Kg1 Qf3 26. Qd3 Qh5 27. b4 Ng4 28. h4 Ne5 29. Qb3 Qe2 30. Nd3 Nf3+ 31. Kg2 Qe4 32. Kh3 g5 33. g4 h5 34. Rg1 Nxg1+ 35. Rxg1 Qf3+ 36. Kh2 hxg4 37. Rg3 Qe2 38. hxg5 Kg7 39. g6 Rh8+ 40. Kg2 Rh1 41. Kxh1 Qf1+ 0-1

[Event "Split SDZ op"]
[Site "Split"]
[Date "2012.03.23"]
[Round "7"]
[White "Klaric, Ante1111"]
[Black "Miskovic, Bozo"]
[Result "0-1"]
[WhiteElo "1765"]
[BlackElo "2010"]
[PlyCount "77"]
[EventDate "2012.03.17"]
[EventType "swiss"]
[EventRounds "9"]
[EventCountry "CRO"]
[SourceTitle "EXT 2013"]
[Source "ChessBase"]
[SourceDate "2012.11.22"]
[SourceVersion "1"]
[SourceVersionDate "2012.11.22"]
[SourceQuality "1"]

1. d4 d5 2. Nf3 g6 3. Bf4 Bg7 4. Nbd2 Nf6 5. h3 Nbd7 6. e3 0-0 7. Be2 Re8 8. Ne5 c6 9. c4 Qa5 10. 0-0 Nxe5 11. Bxe5 Nd7 12. Bxg7 Kxg7 13. a3 Nf6 14. b4 Qd8 15. Rc1 e5 16. dxe5 Rxe5 17. Nf3 Re8 18. Qb3 dxc4 19. Bxc4 Be6 20. Rfd1 Qb6 21. Bxe6 Rxe6 22. Ng5 Re7 23. Rd6 Ne8 24. Qc3+ Kh6 25. Qc4 Nxd6 26. Qf4 Kg7 27. Qxd6 Qc7 28. Qxc7 Rxc7 29. Nf3 Rd7 30. Nd4 Rd5 31. Kf1 a5 32. Ke2 axb4 33. axb4 Ra2+ 34. Kf3 Rb2 35. Rc4 Rd8 36. g4 Ra8 37. Kg3 Raa2 38. f3 Rg2+ 39. Kf4 0-1

[Event "Split op 1st"]
[Site "Split"]
[Date "2011.08.07"]
[Round "3"]
[White "Brulic, Denis"]
[Black "Miskovic, Bozo"]
[Result "1-0"]
[WhiteElo "2325"]
[BlackElo "2007"]
[PlyCount "85"]
[EventDate "2011.08.05"]
[EventType "swiss"]
[EventRounds "9"]
[EventCountry "CRO"]
[SourceTitle "CBM 143 Extra"]
[Source "ChessBase"]
[SourceDate "2011.08.29"]
[SourceVersion "1"]
[SourceVersionDate "2011.08.29"]
[SourceQuality "1"]

1. d4 d5 2. c4 e6 3. Nf3 Nf6 4. Bg5 Be7 5. e3 c6 6. a3 Nbd7 7. Nc3 0-0 8. Qc2 Re8 9. Rd1 Nh5 10. Bxe7 Qxe7 11. Be2 Nhf6 12. 0-0 Nf8 13. Ne5 Ng6 14. f4 Nd7 15. Bd3 Ndf8 16. b4 a6 17. c5 f5 18. Kh1 Nd7 19. g4 Ndxe5 20. dxe5 Rf8 21. Ne2 Nh4 22. Nd4 Qf7 23. Rg1 Kh8 24. Qf2 Qe7 25. Rg3 Bd7 26. Rdg1 Rf7 27. Rh3 g5 28. gxf5 Nxf5 29. Bxf5 exf5 30. Rxg5 Rg7 31. Rxg7 Qxg7 32. e6 Be8 33. Nxf5 Qf6 34. Nd4 a5 35. Qh4 Qxh4 36. Rxh4 axb4 37. axb4 Ra4 38. Rg4 Rxb4 39. f5 b6 40. f6 bxc5 41. f7 Bxf7 42. exf7 Rb8 43. Nxc6 1-0

[Event "Split op 4th"]
[Site "Split"]
[Date "2010.05.09"]
[Round "9"]
[White "Bilus Gagic, Ante"]
[Black "Miskovic, Bozo"]
[Result "1-0"]
[WhiteElo "2023"]
[BlackElo "1982"]
[PlyCount "85"]
[EventDate "2010.04.30"]
[EventType "swiss"]
[EventRounds "9"]
[EventCountry "CRO"]
[SourceTitle "EXT 2011"]
[Source "ChessBase"]
[SourceDate "2010.11.26"]
[SourceVersion "1"]
[SourceVersionDate "2010.11.26"]
[SourceQuality "1"]

1. e4 Nf6 2. e5 Nd5 3. d4 e6 4. Nf3 c5 5. c4 Ne7 6. d5 exd5 7. cxd5 d6 8. Nc3 Ng6 9. Bb5+ Bd7 10. e6 fxe6 11. dxe6 Bxb5 12. Nxb5 Be7 13. Qd5 Nc6 14. 0-0 a6 15. Nc3 Qc7 16. Bg5 0-0 17. Ne4 Nb4 18. Qb3 d5 19. Bxe7 Nxe7 20. Neg5 b6 21. Rac1 Nbc6 22. Qc2 g6 23. Nf7 Qf4 24. Rfe1 Nd8 25. N3g5 Kg7 26. Qc3+ d4 27. Qh3 h5 28. Rcd1 Nxf7 29. Nxf7 Rae8 30. Re2 Nf5 31. Qd3 b5 32. b3 Qg4 33. Re4 Rxe6 34. Rxg4 hxg4 35. Ng5 Re5 36. Ne4 Rfe8 37. f3 Ne3 38. Rc1 gxf3 39. gxf3 Rf8 40. Rxc5 Rxc5 41. Qxd4+ Kh6 42. Qxe3+ Rg5+ 43. Qxg5+ 1-0

[Event "Split op 3rd"]
[Site "Split"]
[Date "2009.03.08"]
[Round "9"]
[White "Miskovic, Bozo"]
[Black "Biliskov, Vjekoslav"]
[Result "0-1"]
[WhiteElo "1984"]
[BlackElo "2297"]
[PlyCount "82"]
[EventDate "2009.02.28"]
[EventType "swiss"]
[EventRounds "9"]
[EventCountry "CRO"]
[SourceTitle "CBM 129 Extra"]
[Source "ChessBase"]
[SourceDate "2009.05.05"]
[SourceVersion "2"]
[SourceVersionDate "2009.05.20"]
[SourceQuality "1"]

1. e4 c5 2. Nf3 d6 3. d4 cxd4 4. Nxd4 Nf6 5. Nc3 Nc6 6. Be2 e5 7. Nb3 Be7 8. 0-0 0-0 9. Be3 a5 10. a4 Nb4 11. f3 Be6 12. Bf2 Qc7 13. Rc1 b6 14. Nb5 Qc6 15. c4 Ne8 16. Nd2 Bg5 17. b3 Nc7 18. Nc3 Nca6 19. Nd5 Bxd5 20. cxd5 Qb7 21. Bc4 Nc5 22. Qe2 Bxd2 23. Qxd2 f5 24. Qe2 Qe7 25. Bxc5 bxc5 26. Rce1 f4 27. Rb1 Rf6 28. Rfc1 g5 29. Qf2 Kh8 30. Rc3 Rg8 31. Be2 h5 32. Kh1 Rh6 33. Rb2 g4 34. Qf1 Qh4 35. Rc1 Rhg6 36. Rd2 g3 37. h3 Qxh3+ 38. gxh3 g2+ 39. Kh2 gxf1Q 40. Bxf1 Rg1 41. Rg2 R8xg2+ 0-1

[Event "Stobrec Epetium op"]
[Site "Stobrec"]
[Date "2007.08.24"]
[Round "6"]
[White "Miskovic, Bozo"]
[Black "Kraljevic, Roko"]
[Result "1-0"]
[WhiteElo "2026"]
[BlackElo "1739"]
[PlyCount "103"]
[EventDate "2007.08.18"]
[EventType "swiss"]
[EventRounds "7"]
[EventCountry "CRO"]
[SourceTitle "CBM 120 Extra"]
[Source "ChessBase"]
[SourceDate "2007.11.01"]
[SourceVersion "1"]
[SourceVersionDate "2007.11.01"]
[SourceQuality "1"]

1. e4 c5 2. Bc4 d6 3. Nc3 Nf6 4. d3 g6 5. Nge2 Bg7 6. Ng3 0-0 7. h4 h5 8. Bg5 Nc6 9. a3 Nd4 10. Qd2 Bg4 11. Nce2 b5 12. Ba2 Nxe2 13. Nxe2 Bxe2 14. Qxe2 Qd7 15. f3 a5 16. 0-0 Nh7 17. Bc1 Nf6 18. Kh2 e6 19. g4 Qc7 20. Rg1 Kh7 21. Bf4 Rh8 22. Kh3 Kg8 23. Rh1 Kf8 24. Rad1 Nd7 25. c3 Ke7 26. d4 c4 27. a4 Rac8 28. axb5 Nb6 29. Qe3 e5 30. Bg3 exd4 31. cxd4 Qd7 32. Qa3 Ra8 33. e5 Rhd8 34. exd6+ Kf8 35. Qc5 Na4 36. Qxc4 Nxb2 37. Qc6 Nxd1 38. Rxd1 Rac8 39. Qd5 hxg4+ 40. fxg4 Kg8 41. Rf1 Rf8 42. Qg5 Kh7 43. h5 Bh6 44. Qf6 Bg7 45. hxg6+ fxg6 46. Qh4+ Bh6 47. Re1 Rce8 48. Rc1 g5 49. Qh5 Rc8 50. Bb1+ Kg7 51. Qg6+ Kh8 52. Qxh6+ 1-0

[Event "Stobrec Epetium op"]
[Site "Stobrec"]
[Date "2007.08.21"]
[Round "4"]
[White "Miskovic, Bozo"]
[Black "Batinic, Josip"]
[Result "0-1"]
[WhiteElo "2026"]
[BlackElo "1921"]
[PlyCount "66"]
[EventDate "2007.08.18"]
[EventType "swiss"]
[EventRounds "7"]
[EventCountry "CRO"]
[SourceTitle "CBM 120 Extra"]
[Source "ChessBase"]
[SourceDate "2007.11.01"]
[SourceVersion "1"]
[SourceVersionDate "2007.11.01"]
[SourceQuality "1"]

1. e4 c6 2. d4 d5 3. exd5 cxd5 4. Bd3 Nc6 5. c3 g6 6. f4 Bg7 7. Nf3 Nf6 8. 0-0 0-0 9. Qe2 Bf5 10. Bxf5 gxf5 11. Nh4 e6 12. Rf3 Ne7 13. Rh3 Ng6 14. Nxg6 hxg6 15. Nd2 Ne4 16. Nf3 Bf6 17. Ne5 Kg7 18. g4 Rh8 19. Rxh8 Qxh8 20. gxf5 exf5 21. Qg2 Qh4 22. Be3 Rh8 23. Rf1 Be7 24. Bc1 Bd6 25. Be3 Qd8 26. Kh1 Rh4 27. Rg1 Bxe5 28. fxe5 f4 29. Bf2 Rh3 30. e6 f3 31. Qf1 Qh8 32. Bg3 Nxg3+ 33. Rxg3 Rxh2+ 0-1

[Event "Split MIC op"]
[Site "Split"]
[Date "2007.04.30"]
[Round "3"]
[White "Miskovic, Bozo"]
[Black "Bozanic, Ivica"]
[Result "0-1"]
[WhiteElo "2052"]
[BlackElo "2250"]
[PlyCount "62"]
[EventDate "2007.04.28"]
[EventType "swiss"]
[EventRounds "9"]
[EventCountry "CRO"]
[SourceTitle "EXT 2008"]
[Source "ChessBase"]
[SourceDate "2007.11.25"]
[SourceVersion "1"]
[SourceVersionDate "2007.11.25"]
[SourceQuality "1"]

1. e4 c5 2. Nc3 Nc6 3. f4 g6 4. Nf3 Bg7 5. a3 e6 6. Bb5 Nge7 7. 0-0 a6 8. Bxc6 Nxc6 9. d3 d6 10. Qe1 0-0 11. Rb1 b5 12. Nd1 d5 13. e5 f6 14. exf6 Qxf6 15. Qh4 Qxh4 16. Nxh4 Nd4 17. Rf2 g5 18. fxg5 Rxf2 19. Nxf2 Nxc2 20. Nf3 e5 21. Bd2 Nd4 22. Nxd4 exd4 23. Rc1 c4 24. g4 Bd7 25. h3 Rc8 26. Bb4 Be5 27. Rc2 Bf4 28. Bd2 Bxd2 29. Rxd2 c3 30. Rc2 b4 31. bxc3 b3 0-1